| 000 | 00432nam a2200145Ia 4500 | ||
|---|---|---|---|
| 008 | 210210b1989 xxu||||| |||| 00| 0 eng d | ||
| 082 | _a796.01 VIRS | ||
| 100 | _aVIR (Dharam), Ed. | ||
| 245 | _aSports and society: readings in sociology of sport. | ||
| 260 |
_aNew Delhi. _bClassical Publishing Co., _c1989 |
||
| 300 | _axvi,208 | ||
| 650 | _aSports, Society Sociology | ||
| 690 | _aAthletic & Outdoor Sports | ||
| 906 | _a051540 | ||
| 999 |
_c100122 _d100122 |
||